| 000 | 01582cam a2200217 04500 | ||
|---|---|---|---|
| 001 | 5943 | ||
| 090 | _a5943 | ||
| 100 | _a20211231d197x m||y0pory5003 ba | ||
| 200 | 1 |
_aO céu não tem favoritos _fErich-Maria Remarche |
|
| 205 | _a3ª ed. | ||
| 210 |
_aMem-Martins _cEuropa-América _d197x |
||
| 215 | _a329 [3] p. | ||
| 225 | 2 |
_aSéculo xx _v57 |
|
| 304 | _aTít. ori.: Heaven has no Favorites | ||
| 330 | _aO Céu não Tem Favoritos é um dos mais envolventes romances de Erich Maria Remarque , o autor de tantos êxitos que os leitores de todo o mundo se habituaram a admirar. De facto, é difícil que não nos apaixonemos por esta história de amor, drama, aventura e morte, que nos leva, durante uma Primavera e um Verão, através de Paris, da Sicília, de Veneza e da Riviera, a seguir os passos de Clerfayt e Lillian, a viver com esse corredor de automóveis e com essa doente prematuramente evadida de um sanatório a insatisfação e a instabilidade de certos meios cosmopolitas durante o segundo pós-guerra e a participar da luta que um e outro travam contra um tempo que não podem perder porque ambos sentem que lhes escasseia. Com a sua habitual mestria, num clima vigorosamente traçado, a que não faltam sequer umas pinceladas de subtil ironia, Remarque ergue perante o leitor, com este romance, uma das mais emocionantes histórias que o seu engenho romanesco criou. | ||
| 606 |
_913 _aLiteratura Estrangeira |
||
| 675 |
_a82/89-31 _zpor |
||
| 700 |
_aRemarque _bErich Maria _f1898-1970 _95473 |
||
| 801 | 0 |
_aPT _bBMVN _gRPC |
|
| 830 |
_cInês Silva _d31/12/2021 |
||
| 990 | _cLIVROS | ||